القوات المسلحة ودورها في التنمية الوطنية / (رقم التسجيلة. 38438)

تفاصيل مارك
000 -الفاتح
عناصر البيانات ثابتة الطول 00729cam a2200193 i 4500
005 - تاريخ ووقت آخر معاملة
حقل ضبط 20260120130208.0
008 - عناصر البيانات ثابتة الطول
عناصر البيانات ثابتة الطول 250721s2000 jo gr 000 0 ara d
082 14 - رقم تصنيف ديوي العشري
رقم التصنيف 355.9565
رقم المادة م ب ي
100 1# - مدخل رئيسي – اسم شخصي
الاسم الشخصي المبيضين، حسن علي عودة
علاقة الشخص بالعمل/ دوره مؤلف.
245 12 - بيان العنوان
العنوان القوات المسلحة ودورها في التنمية الوطنية /
بيان المسؤولية تاليف الرائد حسن علي عوده المبيضين.
250 ## - بيان الطبعة
بيان الطبعة الطبعة الاولى.
264 31 - بيانات النشر، التوزيع…إلخ
مكان النشر، التوزيع...إلخ عمان :
اسم الناشر، الموزع...إلخ [غير معرف]،
تاريخ النشر، التوزيع...إلخ 2000.
300 ## - الوصف المادي
عدد الوحدات المكونة للوعاء 252 صفحة.
650 17 - مدخل إضافي بالموضوع - مصطلح موضوعي
مصطلح موضوعي أو اسم جغرافي كعنصر مدخل القوات المسلحة.
650 17 - مدخل إضافي بالموضوع - مصطلح موضوعي
مصطلح موضوعي أو اسم جغرافي كعنصر مدخل التنمية الإقتصادية.
650 17 - مدخل إضافي بالموضوع - مصطلح موضوعي
مصطلح موضوعي أو اسم جغرافي كعنصر مدخل الأردن.
942 ## - بيانات إضافية (كوها)
نوع التنصيف Dewey Decimal Classification
نوع المادة (كوها) كتب
المقتنيات
حالة السحب حالة الفقدان مصدر التصنيف حالة التلف غير قابل للإعارة المكتبة الرئيسية المكتبة الحالية موقع الرف تاريخ التزويد الرقم المتسلسل Total Checkouts رقم الإستدعاء الباركود تاريخ آخر ظهور تاريخ الفاتورة نوع المادة (كوها)
    Dewey Decimal Classification     المكتبة المركزية المكتبة المركزية الإعارة 06/07/2004 398139   355.9565/مبي 398139 28/07/2025 06/07/2004 كتب
    Dewey Decimal Classification     المكتبة المركزية المكتبة المركزية مقتنيات قسم التزويد 06/07/2004 490798   355.9565/مبي 490798 28/07/2025 06/07/2004 كتب
    Dewey Decimal Classification     المكتبة المركزية المكتبة المركزية الإعارة 17/04/2011 1441308   355.9565 / م ب ي PLD00202869 28/07/2025 17/04/2011 كتب
    Dewey Decimal Classification     مكتبة أم قصير والمقابلين العامة مكتبة أم قصير والمقابلين العامة الإعارة 14/07/2014 490841   355.9565/مبي PLD00335559 28/07/2025 14/07/2014 كتب
    Dewey Decimal Classification     مكتبة الأميرة ايمان العامة مكتبة الأميرة ايمان العامة الإعارة 28/07/2025 490833   355.9565/مبي 490833 28/07/2025 28/07/2025 كتب
    Dewey Decimal Classification Unchecked   مكتبة الاميرة بديعة مكتبة الاميرة بديعة الإعارة 06/07/2004 490836   355.9565/مبي   28/07/2025 06/07/2004 كتب
    Dewey Decimal Classification Unchecked   مكتبة الجويدة مكتبة الجويدة الإعارة 28/07/2025 490837   355.9565/مبي   28/07/2025 28/07/2025 كتب
    Dewey Decimal Classification     مكتبة الحسن العامة مكتبة الحسن العامة الإعارة 06/07/2004 490838   355.9565/مبي 490838 28/07/2025 06/07/2004 كتب
    Dewey Decimal Classification   Not For Loan مكتبة تاريخ الأردن مكتبة تاريخ الأردن لا يعار 03/11/2009 1328925   355.9565/مبي PLD00116799 28/07/2025 03/11/2009 كتب
    Dewey Decimal Classification   Not For Loan مكتبة تاريخ الأردن مكتبة تاريخ الأردن لا يعار 11/11/2009 1329467   355.9565/مبي PLD00118735 28/07/2025 11/11/2009 كتب
    Dewey Decimal Classification     مكتبة حمزة العامة مكتبة حمزة العامة الإعارة 06/07/2004 490839   355.9565/مبي 490839 28/07/2025 06/07/2004 كتب
    Dewey Decimal Classification     مكتبة صويلح العامة مكتبة صويلح العامة الإعارة 06/07/2004 490834   355.9565/مبي 490834 28/07/2025 06/07/2004 كتب
    Dewey Decimal Classification     مكتبة صويلح العامة مكتبة صويلح العامة الإعارة 27/04/2019 398153   355.9565/مبي PLD00451798 28/07/2025 27/04/2019 كتب
    Dewey Decimal Classification     مكتبة وادي السير العامة مكتبة وادي السير العامة الإعارة 04/04/2016 398162   355.9565/مبي PLD00384236 28/07/2025 04/04/2016 كتب
Implemented & Customized by: BBB with SCIT (Smart Chains for Information Technology)

Powered by Koha